| 000 | 00750nam a22002177a 4500 | ||
|---|---|---|---|
| 999 |
_c168413 _d168413 |
||
| 005 | 20191007150600.0 | ||
| 010 | _aENG-126610 | ||
| 020 |
_a9789353285487 _c1095.00 |
||
| 035 | _aEN-110142 | ||
| 037 | _bDBAD/PUB | ||
| 082 | _a320.530 | ||
| 245 |
_aRadicalization in South Asia : _ced.by Mubashar Hasan, Kenji Isezali [and] Sameer Yasir _bcontext, trajectories and implications / |
||
| 260 |
_aNew Delhi _bSAGE Publications _c2019 |
||
| 270 |
_aB1/1-1, Mohan Cooperative Industrial Area _bMathura Road, New Delhi _e110044 _mwww.sagepub.in |
||
| 300 |
_axii,350p. _c22cm(Hb) |
||
| 500 | _aIncludes index | ||
| 700 | _aHasan, Mubashar | ||
| 700 | _aIsezaki, Kenji | ||
| 700 | _aYasir, Sameer | ||
| 942 |
_2ddc _cEN _h320.530 _mRAD |
||